Subdivision capitals closest to Trípoli (GR) - Statistics

General Stats
  • This quiz has been taken 9 times
  • The average score is 8 of 20
Answer Stats
Distance (km) Answer % Correct
2 131 Athína
100%
6 274 Ioánnina
67%
19 429 İzmir
67%
8 317 Kérkyra
67%
1 99 Pátra
67%
16 412 Berat
33%
14 401 Bitola
33%
4 227 Ermoúpoli
33%
20 432 Fier
33%
9 345 Gjirokastër
33%
11 346 Karyés
33%
13 372 Korçë
33%
3 155 Lamía
33%
5 237 Lárissa
33%
15 406 Mytilíni
33%
18 423 Ohrid
33%
12 351 Thessaloníki
33%
17 413 Vlorë
33%
10 346 Irákleio
0%
7 314 Kozáni
0%
No matching quizzes found
Score Distribution
Percent of People with Each Score
Percentile by Number Answered
Your Score History
You have not taken this quiz